| 000 | 00601nam a2200241 a 4500 | ||
|---|---|---|---|
| 001 | nice12345678 | ||
| 003 | IN_TiNIC | ||
| 005 | 20260116014003.0 | ||
| 008 | 050524s1973 u sa grp 000 0 eng | ||
| 020 |
_a0465197 _c882 |
||
| 082 | 0 | 0 |
_a306 _bGEE |
| 100 | _aGeertz, Clifford | ||
| 245 |
_aInterpretation of Cultures _b Selected Essays. |
||
| 260 |
_aU S a _bBasic Books _c1973 |
||
| 300 | _a470p | ||
| 500 | _aincludes index and biblioraphy | ||
| 505 | 2 | _aAcknowledgments | |
| 650 | _aCulture | ||
| 700 | 1 | _aGeertz, Clifford | |
| 902 | _bSRS | ||
| 942 | _cBK | ||
| 999 |
_c13384 _d13384 |
||